[Event "Junior Online 4NCL Division 3"]
[Site "online"]
[Date "2021.04.15"]
[EventDate "2021.04.15"]
[Round "7.95"]
[White "Anandkumar, Govind"]
[WhiteElo "1217"]
[WhiteTeam "St John's College C"]
[Black "Oh, Julie"]
[BlackElo "1442"]
[BlackTeam "JHJ Shark Tank 4"]
[Result "0-1"]
[PlyCount "122"]

1. e4 c5 2. Bc4 e6 3. Nc3 Nc6 4. d3 a6 5. a4 Qc7 6. Nf3 Nf6 7. O-O b6 8. Bg5 Bb7 9. Qd2 h6 10. Bh4 g5 11. Bg3 Bd6 12. Rfe1 Bxg3 13. fxg3 Ne5 14. Qf2 Nxc4 15. dxc4 O-O-O 16. e5 Nh5 17. Reb1 f6 18. exf6 Nxf6 19. b4 g4 20. Nh4 Ne4 21. Nxe4 Bxe4 22. b5 a5 23. Qe3 Bb7 24. Qd3 d5 25. cxd5 Rxd5 26. Qc3 Rhd8 27. Qe3 e5 28. c4 Rd4 29. Rc1 h5 30. Qg5 e4 31. Ra2 Rd1+ 32. Rxd1 Rxd1+ 33. Kf2 Qf7+ 34. Nf5 Kb8 35. Re2 Bc8 36. Qf4+ Ka7 37. Ne3 Qxf4+ 38. gxf4 Ra1 39. Nd5 Rxa4 40. Rxe4 Bb7 41. Re5 Bxd5 42. Rxd5 Rxc4 43. Rd7+ Kb8 44. Rh7 Rxf4+ 45. Kg3 Re4 46. Rxh5 a4 47. Rh8+ Kc7 48. Rh7+ Kd6 49. Rh6+ Re6 50. Rh8 a3 51. Ra8 Re3+ 52. Kxg4 c4 53. Kf4 Rb3 54. Ke4 c3 55. Kd4 c2 56. Rc8 a2 57. Rc6+ Kd7 58. Rxb6 a1=Q+ 59. Kc5 Qc3+ 60. Kd5 Qd3+ 61. Kc5 c1=Q# 0-1

[Event "Junior Online 4NCL Division 3"]
[Site "online"]
[Date "2021.04.15"]
[EventDate "2021.04.15"]
[Round "7.96"]
[White "Groot Wassink, Emma"]
[WhiteElo "1428"]
[WhiteTeam "JHJ Shark Tank 4"]
[Black "Bagga, Khushi"]
[BlackElo "1189"]
[BlackTeam "St John's College C"]
[Result "1-0"]
[PlyCount "37"]

1. e4 e5 2. Nf3 Nc6 3. Bc4 Bc5 4. c3 Nf6 5. d4 exd4 6. cxd4 Bb4+ 7. Bd2 Bxd2+ 8. Nbxd2 d5 9. exd5 Nxd5 10. O-O O-O 11. Qb3 Nf6 12. Rfe1 Nxd4 13. Nxd4 Qxd4 14. Nf3 Qd6 15. Rad1 Qc6 16. Bxf7+ Rxf7 17. Rd8+ Ne8 18. Rexe8+ Qxe8 19. Rxe8# 1-0

[Event "Junior Online 4NCL Division 3"]
[Site "online"]
[Date "2021.04.15"]
[EventDate "2021.04.15"]
[Round "7.98"]
[White "Burrill, Edoardo"]
[WhiteElo "1383"]
[WhiteTeam "JHJ Shark Tank 4"]
[Black "Kulkarni, Arnav"]
[BlackElo "1033"]
[BlackTeam "St John's College C"]
[Result "1-0"]
[PlyCount "70"]

1. e4 e5 2. Nf3 Nc6 3. Bc4 Nf6 4. Nc3 Bc5 5. d3 h6 6. O-O d6 7. h3 O-O 8. Nd5 Nxd5 9. Bxd5 Re8 10. Nh2 Be6 11. Qf3 Bxd5 12. exd5 Nd4 13. Qd1 Qf6 14. c3 Nb5 15. a4 Nxc3 16. bxc3 Bb6 17. Qg4 Rad8 18. Qg3 c6 19. Ng4 Qg6 20. a5 Bc5 21. Be3 Bxe3 22. fxe3 h5 23. Nf6+ gxf6 24. Qxg6+ fxg6 25. Rxf6 Rf8 26. Rxg6+ Kh7 27. Re6 Kg7 28. Re7+ Rf7 29. Rxf7+ Kxf7 30. Rf1+ Kg6 31. Rb1 b5 32. axb6 axb6 33. Rxb6 Kg5 34. dxc6 Rc8 35. Kf2 Rf8+ 1-0

[Event "Junior Online 4NCL Division 3"]
[Site "online"]
[Date "2021.04.15"]
[EventDate "2021.04.15"]
[Round "7.111"]
[White "Patel, Ishaan"]
[WhiteElo "1467"]
[WhiteTeam "The Hall 1"]
[Black "Popovici, Rees"]
[BlackElo "1702"]
[BlackTeam "Colchester Juniors A"]
[Result "1/2-1/2"]
[PlyCount "121"]

1. e4 d5 2. exd5 Qxd5 3. Nc3 Qa5 4. d4 Nf6 5. Nf3 Bg4 6. Bd2 Qb6 7. Be3 Qxb2 8. Nb5 Na6 9. Bc4 Qb4+ 10. Qd2 Qxc4 11. Nc3 e6 12. Ne5 Qb4 13. Rb1 Qa3 14. Rb3 Qa5 15. Rb5 Qa3 16. Rb3 Qd6 17. O-O Be7 18. Rxb7 Bf5 19. Nb5 Qd5 20. Nxc7+ Nxc7 21. Rxc7 Qd6 22. Rc6 Qd8 23. c4 Nd7 24. Nxd7 Qxd7 25. Ra6 O-O 26. c5 Be4 27. f3 Bc6 28. Bf4 Bb5 29. c6 Qc8 30. Ra5 Bxf1 31. Kxf1 Qxc6 32. Rh5 Rfd8 33. Qd3 g6 34. Rh3 Bc5 35. Be5 Qd5 36. Qe3 Bxd4 37. Bxd4 Qxd4 38. Qh6 Qg7 39. Qe3 Rac8 40. Kf2 Rc2+ 41. Kg3 Rxa2 42. Rh4 Ra5 43. Rc4 Qf8 44. h4 Qd6+ 45. Kh3 Rh5 46. g4 Ra5 47. Rc2 Ra1 48. Kg2 Rb8 49. h5 Rbb1 50. h6 Rh1 51. Rc8+ Qf8 52. Qe5 Rxh6 53. Rxf8+ Kxf8 54. Qd6+ Kg7 55. g5 Ra2+ 56. Kg3 Rh1 57. Qe5+ Kg8 58. Qb8+ Kg7 59. Qe5+ Kg8 60. Qb8+ Kg7 61. Qe5+ 1/2-1/2

[Event "Junior Online 4NCL Division 3"]
[Site "online"]
[Date "2021.04.15"]
[EventDate "2021.04.15"]
[Round "7.112"]
[White "Rida, Ruqayyah"]
[WhiteElo "1540"]
[WhiteTeam "Colchester Juniors A"]
[Black "Smolders, Thomas"]
[BlackElo "1330"]
[BlackTeam "The Hall 1"]
[Result "1-0"]
[PlyCount "71"]

1. e4 e5 2. Nf3 Nc6 3. Bc4 Bc5 4. O-O d6 5. d3 Bg4 6. c3 h6 7. h3 Bh5 8. Nbd2 Nf6 9. Re1 O-O 10. Nf1 Re8 11. Ng3 Bg6 12. Bb3 Qd7 13. Nh4 Kh7 14. Nhf5 Ne7 15. Nh4 Rad8 16. Nxg6 Nxg6 17. d4 Bb6 18. a4 Ba5 19. Bd2 d5 20. exd5 exd4 21. cxd4 Bxd2 22. Qxd2 Nxd5 23. Rad1 Nf6 24. Qc3 Rxe1+ 25. Qxe1 c6 26. Ne4 Nd5 27. Nc5 Qc7 28. Qe4 Kg8 29. Re1 Kh8 30. Bc2 b6 31. Nd3 Qe7 32. Qf3 Qd7 33. Ne5 Nxe5 34. Rxe5 Re8 35. Qf5 Rxe5 36. Qh7# 1-0

[Event "Junior Online 4NCL Division 3"]
[Site "online"]
[Date "2021.04.15"]
[EventDate "2021.04.15"]
[Round "7.113"]
[White "Moser, Benjamin"]
[WhiteElo "1370"]
[WhiteTeam "The Hall 1"]
[Black "Catabay, Rezin C"]
[BlackElo "1493"]
[BlackTeam "Colchester Juniors A"]
[Result "0-1"]
[PlyCount "100"]

1. d4 Nf6 2. Nf3 d5 3. Bf4 c5 4. e3 Nc6 5. c3 Bf5 6. Nbd2 e6 7. Bb5 Bd6 8. Ne5 Bxe5 9. Bxe5 O-O 10. Bxc6 bxc6 11. O-O Bd3 12. Re1 c4 13. Nf3 Ng4 14. Bg3 Rc8 15. h3 Nf6 16. Ne5 Bg6 17. Nxg6 hxg6 18. Re2 Ne4 19. Qa4 Nxg3 20. fxg3 Qg5 21. Kh2 Qe7 22. b3 cxb3 23. axb3 Rc7 24. c4 Ra8 25. c5 e5 26. Rae1 Rb8 27. Rb1 exd4 28. Qxd4 Rcb7 29. Reb2 Rb5 30. b4 a5 31. bxa5 Rxb2 32. Rxb2 Ra8 33. Ra2 Ra6 34. Qd3 Qa7 35. Qa3 f6 36. Qb4 g5 37. Qa3 Qf7 38. Qd3 Qa7 39. Qa3 Kf7 40. Kg1 Qb7 41. Qd3 g6 42. Kf2 f5 43. g4 Qa7 44. gxf5 Rxa5 45. fxg6+ Kg7 46. Rxa5 Qxa5 47. Kg3 Qxc5 48. e4 Qd6+ 49. Kg4 Qf4+ 50. Kh5 Qh4# 0-1

[Event "Junior Online 4NCL Division 3"]
[Site "online"]
[Date "2021.04.15"]
[EventDate "2021.04.15"]
[Round "7.114"]
[White "Kanellopoulos, Nickolas"]
[WhiteElo "1465"]
[WhiteTeam "Colchester Juniors A"]
[Black "Jhamna, Florian"]
[BlackElo "1369"]
[BlackTeam "The Hall 1"]
[Result "1-0"]
[PlyCount "36"]

1. e4 e6 2. d4 d5 3. Nc3 c5 4. exd5 exd5 5. Nf3 Nc6 6. dxc5 Bxc5 7. Qxd5 Qa5 8. Bb5 Qb6 9. O-O Ne7 10. Qe4 Bf5 11. Bxc6+ bxc6 12. Qe2 O-O 13. Na4 Qa5 14. Nxc5 Qxc5 15. c3 Rfe8 16. Be3 Qd6 17. Rad1 Qf6 18. Bg5 Qd6 1-0

[Event "Junior Online 4NCL Division 3"]
[Site "online"]
[Date "2021.04.15"]
[EventDate "2021.04.15"]
[Round "7.115"]
[White "Popovici, Rees"]
[WhiteElo "1702"]
[WhiteTeam "Colchester Juniors A"]
[Black "Patel, Ishaan"]
[BlackElo "1467"]
[BlackTeam "The Hall 1"]
[Result "1-0"]
[PlyCount "57"]

1. e4 e5 2. d4 exd4 3. c3 dxc3 4. Bc4 d6 5. Nf3 Nc6 6. Nxc3 Nf6 7. Qb3 Qd7 8. O-O h6 9. Rd1 Na5 10. Qb4 Nxc4 11. Qxc4 Qc6 12. Qd3 Bg4 13. Nd4 Qd7 14. f3 Be6 15. f4 Qc8 16. Nxe6 Qxe6 17. Nd5 O-O-O 18. Nxf6 Qxf6 19. Be3 Kb8 20. Qa3 c5 21. e5 dxe5 22. fxe5 Qb6 23. Rxd8+ Qxd8 24. Qb3 Qc7 25. Rf1 c4 26. Qb5 Qc8 27. Rxf7 g5 28. Qa5 a6 29. Qb6 1-0

[Event "Junior Online 4NCL Division 3"]
[Site "online"]
[Date "2021.04.15"]
[EventDate "2021.04.15"]
[Round "7.116"]
[White "Smolders, Thomas"]
[WhiteElo "1330"]
[WhiteTeam "The Hall 1"]
[Black "Rida, Ruqayyah"]
[BlackElo "1540"]
[BlackTeam "Colchester Juniors A"]
[Result "1-0"]
[PlyCount "103"]

1. e4 e5 2. Nf3 Nc6 3. d4 exd4 4. Nxd4 Bc5 5. Be3 Bb6 6. Nc3 Nge7 7. Bc4 O-O 8. O-O d6 9. Re1 Ne5 10. Bb3 N5c6 11. Qd2 Ng6 12. Nxc6 bxc6 13. Rad1 Be6 14. Ba4 Bd7 15. Bb3 Qe7 16. Bg5 Qe8 17. Be3 Kh8 18. e5 Bxe3 19. Rxe3 d5 20. Na4 Qe7 21. Qc3 Qg5 22. Nc5 Be8 23. Rde1 Nf4 24. Rg3 Qh6 25. Rf3 d4 26. Qb4 a5 27. Qb7 Ne2+ 28. Kf1 Rd8 29. Rxe2 Qxh2 30. Rh3 Qf4 31. Qxc7 Qg5 32. Rg3 Qh4 33. Rh3 Qg5 34. Ne4 Rd7 35. Qxd7 Qc1+ 36. Re1 Qxe1+ 37. Kxe1 Bxd7 38. Rf3 Kg8 39. Nd6 Be6 40. Bxe6 fxe6 41. Rxf8+ Kxf8 42. Kd2 g5 43. Kd3 Kg7 44. Ke4 Kg6 45. Kf3 h5 46. g4 h4 47. Kg2 Kg7 48. Kh3 Kg6 49. Ne4 Kh6 50. Nc5 Kg6 51. Nxe6 Kh6 52. Nxd4 1-0

[Event "Junior Online 4NCL Division 3"]
[Site "online"]
[Date "2021.04.15"]
[EventDate "2021.04.15"]
[Round "7.117"]
[White "Catabay, Rezin C"]
[WhiteElo "1493"]
[WhiteTeam "Colchester Juniors A"]
[Black "Moser, Benjamin"]
[BlackElo "1370"]
[BlackTeam "The Hall 1"]
[Result "1-0"]
[PlyCount "65"]

1. e4 e5 2. Nf3 Nc6 3. Bc4 Bc5 4. Nc3 d6 5. d3 Bg4 6. Be3 Nd4 7. Bxd4 Bxd4 8. O-O Bxc3 9. bxc3 Nf6 10. Re1 O-O 11. d4 exd4 12. cxd4 Re8 13. Bd3 d5 14. e5 Nh5 15. h3 Bxf3 16. Qxf3 Qh4 17. g4 Qg5 18. h4 Qf4 19. Kg2 Re6 20. gxh5 Qxh4 21. Bf5 Qg5+ 22. Kf1 Rh6 23. Bg4 g6 24. hxg6 hxg6 25. e6 fxe6 26. Bxe6+ Kh8 27. Re5 Qh4 28. Ke2 Qxd4 29. Qf6+ Kh7 30. Bf5 Rg8 31. Re7+ Rg7 32. Rxg7+ Kh8 33. Qf8# 1-0

[Event "Junior Online 4NCL Division 3"]
[Site "online"]
[Date "2021.04.15"]
[EventDate "2021.04.15"]
[Round "7.118"]
[White "Jhamna, Florian"]
[WhiteElo "1369"]
[WhiteTeam "The Hall 1"]
[Black "Kanellopoulos, Nickolas"]
[BlackElo "1465"]
[BlackTeam "Colchester Juniors A"]
[Result "1-0"]
[PlyCount "137"]

1. e4 e5 2. Bc4 Nf6 3. Nc3 Bc5 4. d3 h6 5. Nf3 Nc6 6. O-O d6 7. Be3 Bg4 8. Bb5 Qd7 9. Bxc5 dxc5 10. Nd5 Nxd5 11. exd5 Qxd5 12. c4 Qd6 13. h3 Bh5 14. Re1 f6 15. a3 O-O-O 16. b4 cxb4 17. axb4 a6 18. c5 Qd5 19. Bc4 Qd7 20. b5 Nb8 21. bxa6 bxa6 22. Qb3 Bxf3 23. Be6 Bd5 24. Bxd7+ Rxd7 25. Qc3 Rhd8 26. Reb1 Bb7 27. Qb4 c6 28. Rxa6 Rc7 29. Rb6 Rd4 30. Qc3 Rdd7 31. Qc4 Rd4 32. Qg8+ Rd8 33. Qe6+ Rdd7 34. Kh2 Kd8 35. Qg8+ Ke7 36. Qxb8 Rc8 37. Qa7 Ra8 38. Qxb7 Rxb7 39. Rxb7+ Ke6 40. Rxg7 Ra5 41. Rg6 Rxc5 42. Rxh6 Rd5 43. Rb6 Rxd3 44. Rxc6+ Ke7 45. Rhxf6 Rd2 46. Rfe6+ Kf7 47. Rxe5 Rxf2 48. Ra5 Rf6 49. Ra7+ Kg6 50. Rxf6+ Kxf6 51. Ra3 Kg6 52. Rg3+ Kh7 53. h4 Kh8 54. Kh3 Kh7 55. Rb3 Kh8 56. Rb7 Kg8 57. Kg4 Kh8 58. Kg5 Kg8 59. Kg6 Kf8 60. Kf6 Kg8 61. h5 Kh8 62. h6 Kg8 63. h7+ Kh8 64. Rb8+ Kxh7 65. Rb3 Kh8 66. Rg3 Kh7 67. Kf7 Kh6 68. Rg8 Kh5 69. Kf6 1-0

[Event "Junior Online 4NCL Division 3"]
[Site "online"]
[Date "2021.04.15"]
[EventDate "2021.04.15"]
[Round "7.121"]
[White "Gadhia, Sathya"]
[WhiteElo "729"]
[WhiteTeam "Leicestershire Juniors 5"]
[Black "Nagar, Nikunj"]
[BlackElo "658"]
[BlackTeam "East Kilbride Bishops"]
[Result "0-1"]
[PlyCount "94"]

1. Nf3 Nc6 2. Nc3 e5 3. d3 Nf6 4. Bg5 Be7 5. Bxf6 Bxf6 6. e4 d6 7. d4 Bg4 8. Bb5 Bxf3 9. gxf3 exd4 10. Bxc6+ bxc6 11. Na4 Qd7 12. O-O c5 13. f4 Qxa4 14. b3 Qd7 15. a3 O-O 16. a4 Rfe8 17. a5 d5 18. exd5 Qxd5 19. Re1 Rxe1+ 20. Qxe1 Qe6 21. Qxe6 fxe6 22. Re1 Re8 23. h3 e5 24. fxe5 Bxe5 25. f4 Kf7 26. fxe5 Ke6 27. c3 Kd5 28. cxd4 cxd4 29. e6 Rxe6 30. h4 Rxe1+ 31. Kg2 Rb1 32. a6 Rxb3 33. h5 d3 34. Kf1 d2 35. Ke2 Rb2 36. h6 Kd4 37. Kd1 g6 38. Ke2 Kc3 39. Kd1 Rb1+ 40. Ke2 d1=Q+ 41. Ke3 Qe1+ 42. Kf4 Qf2+ 43. Ke4 Re1+ 44. Kd5 Qd2+ 45. Kc6 Re6+ 46. Kb5 Qd5+ 47. Ka4 Rxa6# 0-1

[Event "Junior Online 4NCL Division 3"]
[Site "online"]
[Date "2021.04.15"]
[EventDate "2021.04.15"]
[Round "7.124"]
[White "Narasimhan, Srivathsan"]
[WhiteElo "410"]
[WhiteTeam "East Kilbride Bishops"]
[Black "Prashanth, Shrivats"]
[BlackElo "640"]
[BlackTeam "Leicestershire Juniors 5"]
[Result "1-0"]
[PlyCount "99"]

1. e4 d5 2. Nc3 Nf6 3. Nf3 Nc6 4. d4 dxe4 5. Ne5 Nxe5 6. dxe5 Qxd1+ 7. Nxd1 Nd5 8. Bc4 f6 9. O-O fxe5 10. Bxd5 c6 11. Bxe4 Bg4 12. Nc3 O-O-O 13. f3 Be6 14. Bg5 Rd6 15. Na4 b6 16. Nc3 b5 17. Rad1 Rd8 18. Be3 Kb8 19. Bxc6 Rc8 20. Bxb5 Re8 21. Bxe8 g6 22. Rd8+ Kc7 23. Rfd1 Bg7 24. Nb5+ Kb7 25. Bxa7 Ka6 26. Nc7+ Kb7 27. Nxe6 Kxa7 28. Nxg7 Rg8 29. R1d7+ Kb6 30. Rb8+ Kc6 31. Rdb7+ Kd6 32. Rd8+ Kc5 33. Rc7+ Kb6 34. Rc6+ Kb5 35. Rb8+ Ka5 36. Rc7 Ka6 37. Bb5+ Ka5 38. Ra7+ Kb4 39. Rxg8 Kxb5 40. Rb7+ Kc6 41. Rgb8 Kd6 42. a4 Kd5 43. a5 Kc5 44. a6 Kd4 45. a7 Kd5 46. a8=Q Kd4 47. c3+ Kd3 48. Rd8+ Ke2 49. Qa6+ Ke1 50. Qf1# 1-0

[Event "Junior Online 4NCL Division 3"]
[Site "online"]
[Date "2021.04.15"]
[EventDate "2021.04.15"]
[Round "7.126"]
[White "Das, Aman"]
[WhiteElo "658"]
[WhiteTeam "Leicestershire Juniors 5"]
[Black "Roul, Tushar"]
[BlackElo "395"]
[BlackTeam "East Kilbride Bishops"]
[Result "0-1"]
[PlyCount "40"]

1. e4 d5 2. exd5 Nf6 3. Nc3 Nxd5 4. Bc4 e6 5. d4 Bb4 6. Bd2 O-O 7. Qf3 Re8 8. Nxd5 exd5+ 9. Be2 Bxd2+ 10. Kxd2 Qg5+ 11. Qe3 Rxe3 12. fxe3 Qxg2 13. Nh3 Qxh3 14. Rhf1 Nc6 15. Bb5 Qxh2+ 16. Kd3 Nb4+ 17. Kc3 Qxc2+ 18. Kxb4 a5+ 19. Ka3 Qd2 20. Ba4 Qb4# 0-1

[Event "Junior Online 4NCL Division 3"]
[Site "online"]
[Date "2021.04.15"]
[EventDate "2021.04.15"]
[Round "7.127"]
[White "Roul, Karan"]
[WhiteElo "427"]
[WhiteTeam "East Kilbride Bishops"]
[Black "Morris, Conor"]
[BlackElo "598"]
[BlackTeam "Leicestershire Juniors 5"]
[Result "1-0"]
[PlyCount "85"]

1. e4 e5 2. Nf3 Nc6 3. Nc3 Nf6 4. d4 Bb4 5. d5 Nd4 6. Nxd4 exd4 7. Qxd4 Bxc3+ 8. bxc3 Ng4 9. f3 Nh6 10. Qxg7 Rg8 11. Qxh6 d6 12. c4 Bd7 13. Bd3 Qe7 14. Bg5 Qxg5 15. Qxg5 Rxg5 16. O-O Bh3 17. Rf2 Bd7 18. Rb1 O-O-O 19. a4 c5 20. dxc6 Bxc6 21. a5 b6 22. axb6 axb6 23. Rxb6 Bd7 24. Rxd6 Ra5 25. Rf1 Ra6 26. Rxa6 Kb7 27. Ra3 Rg8 28. Rb1+ Kc8 29. Ra8+ Kc7 30. Rxg8 Kd6 31. Rg7 Kc7 32. Rxf7 Kd8 33. Rxd7+ Kxd7 34. Rb7+ Kc8 35. Rxh7 Kd8 36. f4 Ke8 37. f5 Kf8 38. Ra7 Ke8 39. c5 Kd8 40. f6 Ke8 41. c6 Kd8 42. f7 Kc8 43. f8=Q# 1-0

[Event "Junior Online 4NCL Division 3"]
[Site "online"]
[Date "2021.04.15"]
[EventDate "2021.04.15"]
[Round "7.128"]
[White "Prashanth, Shrivats"]
[WhiteElo "640"]
[WhiteTeam "Leicestershire Juniors 5"]
[Black "Narasimhan, Srivathsan"]
[BlackElo "410"]
[BlackTeam "East Kilbride Bishops"]
[Result "1-0"]
[PlyCount "107"]

1. e4 e5 2. Nf3 Nc6 3. Nc3 Nf6 4. d3 Bc5 5. h3 O-O 6. Be2 d6 7. O-O Nd4 8. Be3 Nxf3+ 9. Bxf3 Bb6 10. Bg5 h6 11. Bd2 d5 12. Qe2 dxe4 13. Nxe4 Nxe4 14. Bxe4 Be6 15. Qh5 g6 16. Qxh6 Bd5 17. Rfd1 Bxe4 18. dxe4 Qe7 19. Bc3 Bd4 20. Bxd4 exd4 21. Rxd4 Qe5 22. Qe3 Rad8 23. Rd5 Rxd5 24. exd5 Qxd5 25. b3 Qd7 26. Qf3 Qd2 27. Qd3 Qa5 28. Qe3 Rd8 29. Kh2 Qa6 30. Qe7 Rf8 31. Qxc7 Qb5 32. Qf4 f6 33. Qh6 Qe5+ 34. g3 Rd8 35. Rg1 Qb2 36. Qxg6+ Kf8 37. Qh6+ Kf7 38. Qh7+ Ke6 39. Re1+ Kd5 40. Qd3+ Qd4 41. Qf3+ Kc5 42. Kg2 Qd2 43. Rf1 Qxc2 44. Qf4 Qxa2 45. Rc1+ Kb5 46. Qc4+ Ka5 47. Qc5+ Ka6 48. Qc4+ Ka5 49. b4+ Ka4 50. Qxa2+ Kxb4 51. Qc2 Rd4 52. Rb1+ Ka3 53. Qc3+ Ka2 54. Qb2# 1-0

[Event "Junior Online 4NCL Division 3"]
[Site "online"]
[Date "2021.04.15"]
[EventDate "2021.04.15"]
[Round "7.131"]
[White "Smith, Ryan S"]
[WhiteElo "1769"]
[WhiteTeam "KEGS A"]
[Black "Bryant, Harry"]
[BlackElo "1460"]
[BlackTeam "JHJ Shark Tank 3"]
[Result "0-1"]
[PlyCount "74"]

1. d4 Nf6 2. c4 g6 3. Nc3 d5 4. Bf4 Bg7 5. e3 O-O 6. Rc1 c6 7. Nf3 Be6 8. Ng5 Qc8 9. Nxe6 Qxe6 10. Qb3 b6 11. cxd5 cxd5 12. Nb5 Ne8 13. Be2 a6 14. Nc3 Nf6 15. Bf3 Rd8 16. O-O a5 17. Bc7 Rd7 18. Qxb6 Qxb6 19. Bxb6 e6 20. Na4 Rb7 21. Rc8+ Bf8 22. Bc5 Nfd7 23. Bxf8 Nxf8 24. b3 Kg7 25. Rfc1 Raa7 26. e4 dxe4 27. Bxe4 Rb4 28. Nc5 Nbd7 29. Bc6 Rxd4 30. Nxd7 Nxd7 31. Rd8 Rc7 32. g3 Rd6 33. Kg2 Kf6 34. Rc2 Ke7 35. Rxd7+ Rdxd7 36. Bxd7 Rxc2 37. a4 Kxd7 0-1

[Event "Junior Online 4NCL Division 3"]
[Site "online"]
[Date "2021.04.15"]
[EventDate "2021.04.15"]
[Round "7.132"]
[White "Hanache, Kai"]
[WhiteElo "1371"]
[WhiteTeam "JHJ Shark Tank 3"]
[Black "Siddharth, Lakshan"]
[BlackElo "1579"]
[BlackTeam "KEGS A"]
[Result "0-1"]
[PlyCount "162"]

1. e4 Nf6 2. e5 Nd5 3. Bc4 Nb6 4. Bb3 Nc6 5. Nf3 d6 6. exd6 cxd6 7. O-O Bg4 8. Bxf7+ Kxf7 9. Ng5+ Ke8 10. Qxg4 Qc8 11. Ne6 Nd8 12. Nxg7+ Kf7 13. Qxc8 Rxc8 14. Nf5 Ne6 15. Re1 Rc5 16. Ne3 Rg8 17. Nc3 Nd4 18. Kh1 Bh6 19. d3 Bxe3 20. Bxe3 Nxc2 21. Bxc5 dxc5 22. Rac1 Nxe1 23. Rxe1 Rd8 24. Re3 c4 25. dxc4 Na4 26. h4 Nxb2 27. c5 Nd3 28. Ne4 Rd5 29. Kg1 Kf8 30. Ng5 h5 31. Ne6+ Kf7 32. Ng5+ Kf8 33. Rf3+ Ke8 34. Ne6 Kd7 35. Nf4 Nxf4 36. Rxf4 Rxc5 37. Rb4 b6 38. g3 Ra5 39. Rb2 e5 40. Kg2 Ke6 41. f3 Kf5 42. Kh3 Ra3 43. Kg2 Ra5 44. Kf2 Ra3 45. Ke2 Rc3 46. Rb5 Ra3 47. Rb2 Rc3 48. a4 Rc4 49. Ra2 a6 50. Kd3 Rb4 51. a5 b5 52. Kc3 Rc4+ 53. Kd3 Rd4+ 54. Ke3 Rb4 55. Ra3 Rc4 56. Rd3 Rc6 57. Rd5 Rc3+ 58. Kf2 Rc2+ 59. Kg1 Rc3 60. Kg2 Rc2+ 61. Kh3 Ke6 62. Rd3 Ra2 63. Re3 Rxa5 64. f4 b4 65. g4 hxg4+ 66. Kxg4 Rb5 67. f5+ Kf6 68. h5 b3 69. h6 b2 70. h7 Rb8 71. Re1 Kg7 72. Rb1 Kxh7 73. Kf3 Kg7 74. Ke4 Kf6 75. Kd3 Kxf5 76. Kc2 e4 77. Rf1+ Ke5 78. Rb1 e3 79. Kd3 Kf4 80. Rf1+ Kg3 81. Rb1 Kf2 0-1

[Event "Junior Online 4NCL Division 3"]
[Site "online"]
[Date "2021.04.15"]
[EventDate "2021.04.15"]
[Round "7.133"]
[White "Caves, Fraser"]
[WhiteElo "1471"]
[WhiteTeam "KEGS A"]
[Black "Vashisht-Pigem, Raman"]
[BlackElo "1405"]
[BlackTeam "JHJ Shark Tank 3"]
[Result "0-1"]
[PlyCount "60"]

1. e4 e5 2. f4 exf4 3. Nf3 d5 4. Nc3 dxe4 5. Nxe4 Bf5 6. Nc3 Nf6 7. Bc4 Bd6 8. d4 O-O 9. O-O Re8 10. Ng5 Bg6 11. Bxf4 Bxf4 12. Rxf4 h6 13. Nxf7 Bxf7 14. Bxf7+ Kxf7 15. Qh5+ Kg8 16. Qd1 Nd5 17. Nxd5 Qxd5 18. c4 Qxc4 19. Qh5 Qe6 20. d5 Qe3+ 21. Rf2 Rf8 22. Rf1 Na6 23. g3 Rxf2 24. Rxf2 Rf8 25. Qe2 Qxf2+ 26. Qxf2 Rxf2 27. Kxf2 Kf7 28. Ke3 Ke7 29. Ke4 Kf6 30. h4 g6 0-1

[Event "Junior Online 4NCL Division 3"]
[Site "online"]
[Date "2021.04.15"]
[EventDate "2021.04.15"]
[Round "7.134"]
[White "Yu, Rock"]
[WhiteElo "1450"]
[WhiteTeam "JHJ Shark Tank 3"]
[Black "Arun Jacob, Nigel A"]
[BlackElo "1455"]
[BlackTeam "KEGS A"]
[Result "0-1"]
[PlyCount "54"]

1. d4 d5 2. Nc3 Bf5 3. f3 Nf6 4. g4 Bg6 5. Bf4 e6 6. e3 Nc6 7. h4 h6 8. Bd3 Bd6 9. Nge2 a6 10. Bxg6 fxg6 11. Qd3 Ne7 12. a3 c5 13. Bxd6 Qxd6 14. dxc5 Qxc5 15. Nf4 Qb6 16. Nxg6 Qxb2 17. O-O Nxg6 18. Qxg6+ Kf8 19. Qd3 Qb6 20. Rfb1 Qc7 21. Na4 b5 22. Qc3 Qg3+ 23. Kf1 Qxf3+ 24. Ke1 Ne4 25. Qb4+ Kf7 26. Nb2 Qxe3+ 27. Kd1 Nf2# 0-1

[Event "Junior Online 4NCL Division 3"]
[Site "online"]
[Date "2021.04.15"]
[EventDate "2021.04.15"]
[Round "7.135"]
[White "Bryant, Harry"]
[WhiteElo "1460"]
[WhiteTeam "JHJ Shark Tank 3"]
[Black "Smith, Ryan S"]
[BlackElo "1769"]
[BlackTeam "KEGS A"]
[Result "0-1"]
[PlyCount "44"]

1. d4 Nf6 2. Nc3 d5 3. Bf4 e6 4. e3 Bb4 5. Bd3 c5 6. a3 Bxc3+ 7. bxc3 Qa5 8. Qd2 c4 9. Be2 Ne4 10. Qd1 Qxc3+ 11. Kf1 Nd2+ 12. Ke1 Nb3+ 13. Kf1 Nxa1 14. Qb1 Nxc2 15. Nf3 Nxa3 16. Qa2 Qb3 17. Qd2 c3 18. Qe1 Qb1 19. Bd1 c2 20. Bxc2 Qxc2 21. Qb4 Qb1+ 22. Qxb1 Nxb1 0-1

[Event "Junior Online 4NCL Division 3"]
[Site "online"]
[Date "2021.04.15"]
[EventDate "2021.04.15"]
[Round "7.136"]
[White "Siddharth, Lakshan"]
[WhiteElo "1579"]
[WhiteTeam "KEGS A"]
[Black "Hanache, Kai"]
[BlackElo "1371"]
[BlackTeam "JHJ Shark Tank 3"]
[Result "1-0"]
[PlyCount "27"]

1. e4 e5 2. Nf3 Nc6 3. Bc4 Bc5 4. b4 Bxb4 5. c3 Ba5 6. d4 exd4 7. O-O dxc3 8. Qb3 Qe7 9. Nxc3 d6 10. e5 dxe5 11. Ba3 Qf6 12. Ne4 Qg6 13. Rad1 Qxe4 14. Bxf7# 1-0

[Event "Junior Online 4NCL Division 3"]
[Site "online"]
[Date "2021.04.15"]
[EventDate "2021.04.15"]
[Round "7.137"]
[White "Vashisht-Pigem, Raman"]
[WhiteElo "1405"]
[WhiteTeam "JHJ Shark Tank 3"]
[Black "Caves, Fraser"]
[BlackElo "1471"]
[BlackTeam "KEGS A"]
[Result "0-1"]
[PlyCount "120"]

1. e4 e5 2. Nf3 Nc6 3. Bc4 f5 4. d3 Nf6 5. Nc3 Bb4 6. Bg5 fxe4 7. dxe4 d6 8. O-O Bg4 9. Nd5 Bc5 10. c3 h6 11. Nxf6+ gxf6 12. Qd5 Qe7 13. Nh4 O-O-O 14. Ng6 Qg7 15. Nxh8 Rxh8 16. Bxf6 Qxf6 17. h3 Bd7 18. a4 Ne7 19. Qd2 Ng6 20. b4 Nf4 21. bxc5 Qg5 22. f3 Nxh3+ 23. Kh1 Qxd2 24. gxh3 Qxc3 25. Rac1 Qd2 26. Rcd1 Qg5 27. Rg1 Qf6 28. Rg3 h5 29. Rdg1 c6 30. cxd6 Qxd6 31. Rg6 Qc5 32. Bb3 Bxh3 33. Ba2 Qc3 34. Be6+ Bxe6 35. Rxe6 Qxf3+ 36. Kh2 Qxe4 37. Re7 Qh4+ 38. Kg2 Qxe7 39. Kf1 Qf6+ 40. Ke2 Rd8 41. Ke1 Qh4+ 42. Kf1 Rd1+ 43. Kg2 Qg4+ 44. Kf2 Qxg1+ 45. Kf3 Re1 46. a5 Qg4+ 47. Kf2 Qg1+ 48. Kf3 e4+ 49. Kf4 Rf1+ 50. Ke5 Qc5+ 51. Ke6 e3 52. a6 Qa5 53. axb7+ Kxb7 54. Kd6 Rd1+ 55. Ke7 Qc5+ 56. Kf7 Rd6 57. Kg7 Qg5+ 58. Kf7 Qf6+ 59. Kg8 Rd8+ 60. Kh7 Rh8# 0-1

[Event "Junior Online 4NCL Division 3"]
[Site "online"]
[Date "2021.04.15"]
[EventDate "2021.04.15"]
[Round "7.138"]
[White "Arun Jacob, Nigel A"]
[WhiteElo "1455"]
[WhiteTeam "KEGS A"]
[Black "Yu, Rock"]
[BlackElo "1450"]
[BlackTeam "JHJ Shark Tank 3"]
[Result "1-0"]
[PlyCount "55"]

1. d4 Nf6 2. c4 g6 3. Nc3 Bg7 4. Bf4 d6 5. Nf3 Nbd7 6. e3 c5 7. dxc5 dxc5 8. Qc2 a6 9. Rd1 O-O 10. Be2 e6 11. Bd6 Re8 12. Bxc5 Qc7 13. Bd6 Qc6 14. O-O Nb6 15. Ne5 Nbd7 16. Nxc6 bxc6 17. Bg3 Bb7 18. Bf3 Rad8 19. Ne4 Nxe4 20. Bxe4 f5 21. Bf3 e5 22. Qb3 Nc5 23. Rxd8 Rxd8 24. Qa3 Bf8 25. Qa5 Be7 26. Qb6 e4 27. Be2 g5 28. b4 1-0

[Event "Junior Online 4NCL Division 3"]
[Site "online"]
[Date "2021.04.15"]
[EventDate "2021.04.15"]
[Round "7.141"]
[White "Sagyaman, Vassily M"]
[WhiteElo "1126"]
[WhiteTeam "Warwickshire Bears G"]
[Black "Das, Devorshi"]
[BlackElo "1174"]
[BlackTeam "Uxbridge Juniors Berzerkers"]
[Result "0-1"]
[PlyCount "57"]

1. e4 e5 2. Nf3 Nc6 3. Bb5 a6 4. Ba4 b5 5. Bb3 Be7 6. O-O Nf6 7. Re1 O-O 8. c3 d6 9. d4 Bb7 10. Bg5 h6 11. Bh4 Na5 12. Bc2 Qd7 13. Nbd2 Rfe8 14. d5 c6 15. b4 Nc4 16. Nxc4 bxc4 17. dxc6 Bxc6 18. Qd2 Qg4 19. h3 Qd7 20. Rad1 Rad8 21. Qe2 Qb7 22. Bxf6 Bxf6 23. Qxc4 Bb5 24. Qb3 Bc6 25. Nd2 Bg5 26. Nc4 d5 27. exd5 Bxd5 28. Be4 Bxe4 29. Nxe5 0-1